États et territoires australiens - Statistiques

Statistiques générales
  • Ce quiz a été pris 7 360 fois
  • Le résultat moyen est 5 sur 8
Réponses sur la Carte
Les réponses sont colorées sur une échelle allant du rouge au vert en fonction du pourcentage des utilisateurs qui les ont devinées à leur premier essai. Vous pouvez retrouver ces pourcentages ci-dessous.
 
Statistiques - réponses
État / Territoire % Correct
Tasmanie
89%
Queensland
77%
Victoria
60%
Nouvelle-Galles du Sud
58%
Territoire du Nord
54%
Australie-Occidentale
50%
Australie-Méridionale
44%
Territoire de la Capitale Australienne
35%
Aucun quiz correspondant
Distribution des résultats
% des personnes avec chaque résultat
Percentile par nombre de réponses
Votre historique - résultats
Vous n’avez pas pris ce quiz